[Event "ROM-ch U12"]
[Site "Calimanesti"]
[Date "2018.03.30"]
[Round "5"]
[White "Craiu, Constantin Daniel"]
[Black "Mindreci, Ioan Cristian"]
[Result "0-1"]
[WhiteElo "1001"]
[BlackElo "1126"]
[PlyCount "58"]
[EventDate "2018.03.27"]
[EventType "swiss"]
[EventRounds "9"]
[EventCountry "ROU"]
[SourceTitle "CBM 183 Extra"]
[Source "ChessBase"]
[SourceDate "2018.04.19"]
[SourceVersion "1"]
[SourceVersionDate "2018.04.19"]
[SourceQuality "1"]

1. e4 c5 2. Nf3 g6 3. d4 cxd4 4. Qxd4 Nf6 5. Nc3 Nc6 6. Qa4 Bg7 7. Bf4 0-0 8. 0-0-0 d6 9. Bc4 a6 10. Qb3 b5 11. Bd5 Nxd5 12. exd5 Na5 13. Qb4 Nc4 14. Ne4 e5 15. Bg5 f6 16. Bh4 g5 17. Bg3 f5 18. Nexg5 e4 19. Nd4 Qxg5+ 20. Kb1 Qf6 21. b3 Nb6 22. Bxd6 Rd8 23. Be7 Qe5 24. Bxd8 Nxd5 25. Qc5 Bf8 26. Qc6 Rb8 27. Rhe1 Bb7 28. Qc4 bxc4 29. Rg1 Nc3+ 0-1

[Event "ROM-ch U12"]
[Site "Calimanesti"]
[Date "2018.03.28"]
[Round "2"]
[White "Craiu, Constantin Daniel"]
[Black "Alexandrou, Andreas Stefan"]
[Result "0-1"]
[WhiteElo "1001"]
[BlackElo "1166"]
[PlyCount "32"]
[EventDate "2018.03.27"]
[EventType "swiss"]
[EventRounds "9"]
[EventCountry "ROU"]
[SourceTitle "CBM 183 Extra"]
[Source "ChessBase"]
[SourceDate "2018.04.19"]
[SourceVersion "1"]
[SourceVersionDate "2018.04.19"]
[SourceQuality "1"]

1. e4 e5 2. Nf3 Nc6 3. d4 exd4 4. Nxd4 Bc5 5. c3 Nf6 6. f3 0-0 7. Bc4 Ne5 8. Be2 a5 9. h4 d5 10. g4 dxe4 11. g5 exf3 12. Nxf3 Nxf3+ 13. Bxf3 Re8+ 14. Be2 Nd5 15. Kf1 Qd6 16. Qa4 c6 0-1

[Event "ROM-ch U12"]
[Site "Calimanesti"]
[Date "2018.03.27"]
[Round "1"]
[White "Visoiu, Stefan Alexandru"]
[Black "Craiu, Constantin Daniel"]
[Result "1-0"]
[WhiteElo "1379"]
[BlackElo "1001"]
[PlyCount "73"]
[EventDate "2018.03.27"]
[EventType "swiss"]
[EventRounds "9"]
[EventCountry "ROU"]
[SourceTitle "CBM 183 Extra"]
[Source "ChessBase"]
[SourceDate "2018.04.19"]
[SourceVersion "1"]
[SourceVersionDate "2018.04.19"]
[SourceQuality "1"]

1. e4 e5 2. Nf3 Nc6 3. Bc4 Bc5 4. c3 Nf6 5. d4 exd4 6. cxd4 Bb4+ 7. Bd2 d5 8. exd5 Nxd5 9. 0-0 0-0 10. Bxd5 Qxd5 11. Bxb4 Nxb4 12. Nc3 Qd6 13. h3 Bf5 14. a3 Bd3 15. axb4 Bxf1 16. Qxf1 Qxb4 17. Qb5 Qxb5 18. Nxb5 Rac8 19. Rxa7 c6 20. Nd6 Rcd8 21. Nf5 Rd5 22. Ne7+ Kh8 23. Nxd5 cxd5 24. Rxb7 f6 25. Rd7 g6 26. Rxd5 Rb8 27. Rd6 f5 28. d5 Rxb2 29. Rd8+ Kg7 30. d6 Rb1+ 31. Kh2 Rd1 32. d7 Kf7 33. Ne5+ Ke7 34. Nc6+ Ke6 35. Re8+ Kf7 36. d8Q Rxd8 37. Rxd8 1-0